Letland Trivia Quiz - Statistieken

Algemene statistieken
  • Deze quiz is 366 keer genomen
  • De gemiddelde score is 13 van 20
Antwoordstatistieken
Hint Antwoord % Correct
Hoofdstad Riga
97%
Aangrenzende landen Estland
96%
Aangrenzende landen Litouwen
96%
Zee waar Letland aanligt Oostzee
96%
Aangrenzende landen Rusland
96%
land met een soortgelijke vlag:
Oostenrijk
91%
Aangrenzende landen Belarus
90%
Land waaruit Letland in 1991 onafhankelijk werd Sovjet-Unie
85%
Valuta van Letland Euro
80%
Ongeveer 52% van het Letse land is hiermee bedekt Bossen
74%
Letland heeft het tweede _____ volk ter wereld, achter Nederland Langste
71%
Meest populaire sport IJshockey
58%
De hoofdstad van Letland heeft de grootste verzameling gebouwen in deze bouwstijl Art {Nouveau}
53%
Land dat de noordoostelijke delen van Letland controleerde tussen 1629–1721 Zweden
52%
De hoofdstad van Letland maakte deel uit van deze handelsconfederatie van de Middeleeuwen Hanze
46%
Tak van het protestantisme, de grootste christelijke denominatie in het land Lutheranisme
41%
De Letse ontdekkingsreiziger Aleksandrs Laime is de eerste mens die deze Zuid-Amerikaanse waterval te voet heeft bereikt {Ángel}waterval
29%
Letse basketballer die in 2018 werd uitgeroepen tot NBA-all-star Kristaps {Porziņģis}
15%
Reeks gebeurtenissen die hebben geleid tot de onafhankelijkheid van Letland en twee van zijn buurlanden {Zingende} Revolutie
15%
Taal, beginnend met L, wiens laatste moedertaalspreker in 2013 stierf Lijfs
12%
Geen overeenkomende quizzen gevonden
Scoreverdeling
Procent van Mensen met Elke Score
Percentiel versus Aantal Correcte Antwoorden
Uw Scoregeschiedenis
U heeft deze quiz nog niet genomen